[Event "WchT Seniors 65"]
[Site "Rhodes"]
[Date "2019.04.21"]
[Round "6.2"]
[White "Viglundsson, Bjorgvin"]
[Black "Hurme, Harri M"]
[Result "1-0"]
[WhiteElo "2170"]
[BlackElo "2148"]
[PlyCount "91"]
[EventDate "2019.04.16"]
[EventType "team-swiss"]
[EventRounds "9"]
[EventCountry "GRE"]
[SourceTitle "CBM 190 Extra"]
[Source "ChessBase"]
[SourceDate "2019.07.15"]
[SourceVersion "1"]
[SourceVersionDate "2019.07.15"]
[SourceQuality "1"]
[WhiteTeam "Iceland II"]
[BlackTeam "Finland III"]
[WhiteTeamCountry "ISL"]
[BlackTeamCountry "FIN"]

1. c4 g6 2. d4 Nf6 3. Nc3 d5 4. Nf3 Bg7 5. Bg5 Ne4 6. Bh4 Nxc3 7. bxc3 c5 8. cxd5 Qxd5 9. e3 cxd4 10. cxd4 Nc6 11. Be2 Qa5+ 12. Qd2 Qxd2+ 13. Kxd2 0-0 14. Rac1 e6 15. Rc2 Bd7 16. Rb1 b6 17. Ba6 Na5 18. Rc7 Bc8 19. Bxc8 Rfxc8 20. Rbc1 Rxc7 21. Rxc7 h6 22. Be7 b5 23. Bc5 a6 24. Kc3 Nc4 25. Nd2 Nxd2 26. Kxd2 Bf6 27. Kd3 h5 28. h3 h4 29. e4 Kg7 30. Rb7 Kg8 31. g3 hxg3 32. fxg3 Bg7 33. g4 Bf6 34. d5 exd5 35. exd5 Rc8 36. Bd4 Bxd4 37. Kxd4 Kg7 38. g5 Rc2 39. d6 Rxa2 40. Kc5 Rc2+ 41. Kb6 b4 42. d7 Rd2 43. Kc7 Rc2+ 44. Kb8 Rd2 45. Kc8 Rc2+ 46. Rc7 1-0

[Event "EU-chT Seniors 65"]
[Site "Walbrzych"]
[Date "2018.04.19"]
[Round "6.2"]
[White "Hurme, Harri M"]
[Black "Christiansen, Arne"]
[Result "1/2-1/2"]
[WhiteElo "2229"]
[BlackElo "2045"]
[PlyCount "140"]
[EventDate "2018.04.14"]
[EventType "team-swiss"]
[EventRounds "9"]
[EventCountry "POL"]
[SourceTitle "CBM 184 Extra"]
[Source "ChessBase"]
[SourceDate "2018.06.28"]
[SourceVersion "1"]
[SourceVersionDate "2018.06.28"]
[SourceQuality "1"]
[WhiteTeam "Finland 65"]
[BlackTeam "Denmark SK 2012 65"]
[WhiteTeamCountry "FIN"]
[BlackTeamCountry "DEN"]

1. d4 d5 2. c4 e6 3. Nc3 Nf6 4. cxd5 exd5 5. Bg5 c6 6. Qc2 Nbd7 7. e3 Be7 8. h3 0-0 9. Bd3 Re8 10. Nge2 Nf8 11. 0-0 h6 12. Bf4 Bd6 13. Rab1 Bxf4 14. Nxf4 Ne6 15. Nxe6 Bxe6 16. b4 Bd7 17. b5 Qe7 18. bxc6 Bxc6 19. Na4 Ne4 20. Bxe4 Qxe4 21. Qxe4 Rxe4 22. Nc5 Re7 23. Rfc1 Rc8 24. Nd3 Rec7 25. Rc3 Bd7 26. Rxc7 Rxc7 27. Rb3 b6 28. g4 g5 29. Kf1 Kf8 30. Ke1 Ke7 31. Kd2 f6 32. f3 Rc4 33. Nb2 Rc7 34. a4 Kd6 35. Ra3 a5 36. Nd1 Rc4 37. Nc3 Rb4 38. Kc2 Rc4 39. Ra1 Bc6 40. Kd3 Rb4 41. e4 Rb2 42. Rh1 Rf2 43. exd5 Bxd5 44. Ne4+ Bxe4+ 45. fxe4 Ra2 46. Rb1 Ra3+ 47. Ke2 Kc7 48. Rf1 Rxa4 49. Kd3 b5 50. d5 Ra3+ 51. Kd4 Ra4+ 52. Kc5 Rxe4 53. Rxf6 b4 54. Ra6 Re3 55. Ra7+ Kc8 56. Rxa5 b3 57. Rb5 Rxh3 58. Kc4 Rg3 59. Rxb3 Rxg4+ 60. Kc5 h5 61. Rb6 Rg1 62. Rh6 h4 63. Kd6 Re1 64. Rh8+ Kb7 65. Rh5 Re8 66. Rxg5 Rh8 67. Rg7+ Kb6 68. Rg2 Rh6+ 69. Ke5 h3 70. Rh2 Rh5+ 1/2-1/2

[Event "EU-chT Seniors 65"]
[Site "Walbrzych"]
[Date "2018.04.14"]
[Round "1.2"]
[White "Hurme, Harri M"]
[Black "Rantanen, Veikko J"]
[Result "0-1"]
[WhiteElo "2229"]
[BlackElo "2007"]
[PlyCount "94"]
[EventDate "2018.04.14"]
[EventType "team-swiss"]
[EventRounds "9"]
[EventCountry "POL"]
[SourceTitle "CBM 184 Extra"]
[Source "ChessBase"]
[SourceDate "2018.06.28"]
[SourceVersion "1"]
[SourceVersionDate "2018.06.28"]
[SourceQuality "1"]
[WhiteTeam "Finland 65"]
[BlackTeam "Finland Turku 65"]
[WhiteTeamCountry "FIN"]
[BlackTeamCountry "FIN"]

1. d4 Nf6 2. c4 g6 3. Nc3 d5 4. Nf3 Bg7 5. Bg5 c6 6. e3 0-0 7. h3 Nbd7 8. cxd5 cxd5 9. Be2 b6 10. 0-0 Bb7 11. Qa4 Ne4 12. Bf4 Nxc3 13. bxc3 a6 14. c4 dxc4 15. Qxc4 Rc8 16. Qb3 Bxf3 17. gxf3 e5 18. Bg3 exd4 19. Rad1 Nc5 20. Qa3 Qe7 21. exd4 Qxe2 22. dxc5 bxc5 23. Rd6 c4 24. Qxa6 Ra8 25. Qb7 Qxa2 26. Rc6 c3 27. Kg2 Qb2 28. Qc7 Qc2 29. Re1 Qf5 30. Rc5 Rac8 31. Rxf5 Rxc7 32. Bxc7 gxf5 33. Bf4 Rc8 34. Kf1 Bf6 35. Ke2 Re8+ 36. Kf1 Rxe1+ 37. Kxe1 Kg7 38. Kd1 Kg6 39. Kc2 Kh5 40. Bg3 Kg5 41. f4+ Kh5 42. f3 Bh4 43. Bh2 Bf2 44. Kxc3 Kh4 45. Kc4 Kxh3 46. Kd5 h5 47. Ke5 Kxh2 0-1

[Event "FIN-chT1B 1718"]
[Site "Finland"]
[Date "2018.02.04"]
[Round "7.1"]
[White "Hurme, Harri M"]
[Black "Vihinen, Teemu"]
[Result "0-1"]
[WhiteElo "2246"]
[BlackElo "2170"]
[PlyCount "112"]
[EventDate "2017.09.16"]
[EventType "team-tourn"]
[EventRounds "7"]
[EventCountry "FIN"]
[SourceTitle "EXT 2020"]
[Source "ChessBase"]
[SourceDate "2019.10.17"]
[SourceVersion "1"]
[SourceVersionDate "2019.10.17"]
[SourceQuality "1"]
[WhiteTeam "Helsinki LauttSK"]
[BlackTeam "Vantaa EtVaS II"]
[WhiteTeamCountry "FIN"]
[BlackTeamCountry "FIN"]

1. d4 e6 2. c4 f5 3. Nf3 Nf6 4. g3 d5 5. Bg2 Bd6 6. 0-0 0-0 7. b3 b6 8. Ba3 Bb7 9. Bxd6 cxd6 10. e3 Nc6 11. Nc3 Na5 12. Ng5 Qc8 13. Nb5 Qd7 14. Rc1 h6 15. Nh3 dxc4 16. Bxb7 Nxb7 17. bxc4 Rfc8 18. Nf4 Na5 19. Qa4 g5 20. Nd3 a6 21. Nc3 Rxc4 22. Qa3 Rac8 23. Nb4 Qb7 24. Nd3 Qc6 25. Ne2 Qd7 26. Rxc4 Rxc4 27. Qb2 Qc6 28. Nb4 Qb7 29. d5 e5 30. Rd1 Rc5 31. h3 Nc4 32. Qb1 Qc8 33. g4 a5 34. Nc6 Kf7 35. Nc3 fxg4 36. Ne4 gxh3 37. Nxd6+ Nxd6 38. Nxe5+ Ke7 39. Qxb6 Nxd5 40. Qb1 Qe6 41. Qh7+ Nf7 42. f4 gxf4 43. exf4 Nf6 44. Qg7 Rxe5 45. fxe5 Qxe5 46. Rf1 Qg5+ 47. Qxg5 hxg5 48. Kh2 g4 49. Rf5 Ke6 50. Rxa5 Ne5 51. Rb5 Ne4 52. Rb6+ Kf5 53. Rb5 Kf4 54. Kg1 g3 55. Rb2 Nf3+ 56. Kf1 Ned2+ 0-1

[Event "FIN-chT1B 1718"]
[Site "Finland"]
[Date "2017.10.22"]
[Round "4.1"]
[White "Jouhki, Yrjo Markus"]
[Black "Hurme, Harri M"]
[Result "1-0"]
[WhiteElo "2287"]
[BlackElo "2246"]
[PlyCount "73"]
[EventDate "2017.09.16"]
[EventType "team-tourn"]
[EventRounds "7"]
[EventCountry "FIN"]
[SourceTitle "EXT 2020"]
[Source "ChessBase"]
[SourceDate "2019.10.17"]
[SourceVersion "1"]
[SourceVersionDate "2019.10.17"]
[SourceQuality "1"]
[WhiteTeam "Joensuu SK"]
[BlackTeam "Helsinki LauttSK"]
[WhiteTeamCountry "FIN"]
[BlackTeamCountry "FIN"]

1. Nf3 Nf6 2. g3 g6 3. Bg2 Bg7 4. 0-0 0-0 5. c4 c5 6. Nc3 Nc6 7. d4 d6 8. d5 Na5 9. Nd2 a6 10. Qc2 Rb8 11. b3 b5 12. Bb2 bxc4 13. bxc4 h5 14. Nd1 e5 15. Bc3 Bd7 16. f4 Ng4 17. h3 Nh6 18. e4 exf4 19. gxf4 Re8 20. Bxg7 Kxg7 21. Qc3+ Kh7 22. e5 Bf5 23. Nf2 f6 24. exf6 Rb4 25. Rae1 Nf7 26. Be4 Rg8 27. Kh1 Nh6 28. Bc2 Rb7 29. Nfe4 Nf7 30. Ng5+ Nxg5 31. fxg5 Rf7 32. Rxf5 gxf5 33. Bxf5+ Kh8 34. Be6 Rgf8 35. Rf1 Nb7 36. Bxf7 Rxf7 37. g6 1-0

[Event "FIN-chT1B 1718"]
[Site "Finland"]
[Date "2017.09.16"]
[Round "1.1"]
[White "Hurme, Harri M"]
[Black "Vilppolainen, Markku"]
[Result "1-0"]
[WhiteElo "2246"]
[BlackElo "2039"]
[PlyCount "57"]
[EventDate "2017.09.16"]
[EventType "team-tourn"]
[EventRounds "7"]
[EventCountry "FIN"]
[SourceTitle "EXT 2020"]
[Source "ChessBase"]
[SourceDate "2019.10.17"]
[SourceVersion "1"]
[SourceVersionDate "2019.10.17"]
[SourceQuality "1"]
[WhiteTeam "Helsinki LauttSK"]
[BlackTeam "Jyvaskyla JyS II"]
[WhiteTeamCountry "FIN"]
[BlackTeamCountry "FIN"]

1. d4 Nf6 2. c4 d6 3. Nc3 e5 4. Nf3 Nbd7 5. e4 g6 6. d5 Nc5 7. Bd3 Bg4 8. Bc2 a5 9. h3 Bxf3 10. Qxf3 h5 11. 0-0 Nfd7 12. b3 Qf6 13. Qxf6 Nxf6 14. a3 c6 15. Rb1 cxd5 16. exd5 Rc8 17. f4 Nfd7 18. Nb5 f5 19. Bb2 Rh7 20. Rbe1 e4 21. g4 hxg4 22. hxg4 Be7 23. g5 Nb6 24. a4 Na8 25. Kg2 Kd7 26. Rh1 Rxh1 27. Rxh1 Nc7 28. Nxc7 Rxc7 29. Rh6 1-0

[Event "FIN-chT1A 1617"]
[Site "Finland"]
[Date "2017.02.04"]
[Round "6.2"]
[White "Hurme, Harri M"]
[Black "Zwardon, Vojtech"]
[Result "0-1"]
[WhiteElo "2223"]
[BlackElo "2413"]
[PlyCount "76"]
[EventDate "2016.09.17"]
[EventType "team-tourn"]
[EventRounds "7"]
[EventCountry "FIN"]
[SourceTitle "EXT 2019"]
[Source "ChessBase"]
[SourceDate "2018.10.10"]
[SourceVersion "1"]
[SourceVersionDate "2018.10.10"]
[SourceQuality "1"]
[WhiteTeam "Helsinki SSK"]
[BlackTeam "Sastamala VammSK"]
[WhiteTeamCountry "FIN"]
[BlackTeamCountry "FIN"]

1. d4 Nf6 2. c4 e5 3. dxe5 Ng4 4. Bf4 g5 5. Bg3 Bg7 6. Nf3 Nc6 7. Nc3 Ngxe5 8. e3 h5 9. h4 g4 10. Nd4 d6 11. Qc2 Be6 12. 0-0-0 Qd7 13. c5 Nxd4 14. exd4 Bf5 15. Ne4 d5 16. Bxe5 Bxe5 17. dxe5 Bxe4 18. Qb3 Qe7 19. Bd3 Qxc5+ 20. Kb1 0-0-0 21. f3 gxf3 22. gxf3 Bxd3+ 23. Rxd3 Rhg8 24. a3 c6 25. f4 Rg4 26. Rf3 Qd4 27. Rhf1 Rxh4 28. Qc2 Qe4 29. Qxe4 dxe4 30. Re3 Rd4 31. Kc2 Kd7 32. Kc3 c5 33. Re2 Ke6 34. Rg2 Rh3+ 35. Kc2 Rf3 36. Rh1 e3 37. Rhh2 h4 38. Re2 Rdxf4 0-1

[Event "Helsinki Mestaruus M 2017"]
[Site "Helsinki"]
[Date "2017.01.05"]
[Round "9"]
[White "Hurme, Harri M"]
[Black "Gronroos, Matti"]
[Result "1-0"]
[WhiteElo "2249"]
[BlackElo "1981"]
[PlyCount "81"]
[EventDate "2016.12.27"]
[EventType "tourn"]
[EventRounds "9"]
[EventCountry "FIN"]
[SourceTitle "EXT 2022"]
[Source "ChessBase"]
[SourceDate "2021.10.06"]
[SourceVersion "1"]
[SourceVersionDate "2021.10.06"]
[SourceQuality "1"]

1. d4 d5 2. c4 e5 3. dxe5 d4 4. Nf3 Nc6 5. a3 Be6 6. Nbd2 a5 7. g3 Nge7 8. Bg2 Ng6 9. 0-0 a4 10. b4 axb3 11. Qxb3 Na5 12. Qd3 c5 13. Re1 Qc7 14. e3 Nxe5 15. Nxe5 Qxe5 16. Bb2 Qc7 17. exd4 cxd4 18. Bd5 Ra6 19. Bxd4 h5 20. Nf3 Rh6 21. Ng5 Qe7 22. h4 Nc6 23. Bb2 Nd8 24. Re2 Qd6 25. Rae1 Kd7 26. Ne4 Bf5 27. Qb3 Qb6 28. Qc3 Rg6 29. Rd2 Kc8 30. c5 Qc7 31. Rc1 Kb8 32. Qb3 Be6 33. f4 Qxf4 34. Kh2 Qc7 35. Ng5 Be7 36. Qe3 Bxg5 37. hxg5 Nc6 38. Be4 Ne5 39. Qf4 Ng4+ 40. Kg1 Rxg5 41. Qxg5 1-0

[Event "Helsinki Mestaruus M 2017"]
[Site "Helsinki"]
[Date "2017.01.03"]
[Round "7"]
[White "Hurme, Harri M"]
[Black "Pasanen, Tuomo Tapio"]
[Result "1-0"]
[WhiteElo "2249"]
[BlackElo "2035"]
[PlyCount "61"]
[EventDate "2016.12.27"]
[EventType "tourn"]
[EventRounds "9"]
[EventCountry "FIN"]
[SourceTitle "EXT 2022"]
[Source "ChessBase"]
[SourceDate "2021.10.06"]
[SourceVersion "1"]
[SourceVersionDate "2021.10.06"]
[SourceQuality "1"]

1. d4 c5 2. d5 f5 3. c4 Nf6 4. Nc3 d6 5. Bg5 g6 6. Bxf6 exf6 7. e3 Na6 8. h4 h5 9. Nh3 Bh6 10. g3 Qe7 11. Nf4 Bxf4 12. gxf4 Bd7 13. Rg1 Qf7 14. Bd3 0-0-0 15. Bc2 Kb8 16. Ba4 Bc8 17. Kd2 Rhg8 18. a3 g5 19. Ne2 Nc7 20. hxg5 fxg5 21. fxg5 b5 22. Bxb5 Nxb5 23. Qb3 Ka8 24. cxb5 Bb7 25. Nf4 c4 26. Qxc4 Rc8 27. Qd3 Rc5 28. Rac1 Rgc8 29. Rxc5 Rxc5 30. g6 Qg8 31. Ne6 1-0

[Event "Helsinki Mestaruus M 2017"]
[Site "Helsinki"]
[Date "2017.01.02"]
[Round "6"]
[White "Linqvist, Grels"]
[Black "Hurme, Harri M"]
[Result "1-0"]
[WhiteElo "2065"]
[BlackElo "2249"]
[PlyCount "85"]
[EventDate "2016.12.27"]
[EventType "tourn"]
[EventRounds "9"]
[EventCountry "FIN"]
[SourceTitle "EXT 2022"]
[Source "ChessBase"]
[SourceDate "2021.10.06"]
[SourceVersion "1"]
[SourceVersionDate "2021.10.06"]
[SourceQuality "1"]

1. c4 g6 2. Nc3 Nf6 3. g3 Bg7 4. Bg2 c5 5. Nf3 0-0 6. 0-0 Nc6 7. d4 d6 8. d5 Na5 9. Nd2 a6 10. Qc2 Rb8 11. b3 b5 12. Bb2 bxc4 13. bxc4 e6 14. e4 Bd7 15. h3 Bh6 16. f4 e5 17. Ne2 Nh5 18. Bc3 Re8 19. Rab1 Qc7 20. Rb2 Rxb2 21. Qxb2 exf4 22. gxf4 Bg7 23. Bxg7 Nxg7 24. Qc3 Rb8 25. Ng3 Rb4 26. e5 Bf5 27. Re1 Nb7 28. Nge4 h6 29. Nf6+ Kf8 30. Ne8 Qd8 31. exd6 f6 32. Nxg7 Nxd6 33. Ne6+ Bxe6 34. Rxe6 Kf7 35. h4 Nf5 36. Ne4 Nd4 37. Qh3 Ne2+ 38. Kh2 Nxf4 39. Qg4 Nxe6 40. Qxe6+ Kg7 41. d6 f5 42. Qe5+ Kf7 43. Ng5+ 1-0

[Event "FIN-chT1B 1516"]
[Site "Finland"]
[Date "2016.03.12"]
[Round "8.3"]
[White "Hurme, Harri M"]
[Black "Kivi, Jouni"]
[Result "1-0"]
[WhiteElo "2192"]
[BlackElo "1995"]
[PlyCount "93"]
[EventDate "2015.09.12"]
[EventType "team-tourn"]
[EventRounds "8"]
[EventCountry "FIN"]
[SourceTitle "EXT 2017"]
[Source "ChessBase"]
[SourceDate "2016.10.25"]
[SourceVersion "1"]
[SourceVersionDate "2016.10.25"]
[SourceQuality "1"]
[WhiteTeam "Helsinki SSK"]
[BlackTeam "Hameenlinna"]
[WhiteTeamCountry "FIN"]
[BlackTeamCountry "FIN"]

1. d4 Nf6 2. c4 e6 3. Nc3 Bb4 4. Qc2 d5 5. cxd5 exd5 6. Bg5 h6 7. Bh4 0-0 8. e3 c6 9. Bd3 Re8 10. Nge2 b6 11. 0-0 Bb7 12. a3 Be7 13. f3 c5 14. Rae1 Nc6 15. Qd1 Nh7 16. Bf2 cxd4 17. exd4 Bd6 18. Ng3 Bxg3 19. Bxg3 Qd7 20. Nb5 Nf8 21. Rxe8 Rxe8 22. Nd6 Re7 23. Nf5 Re6 24. Bf2 Qe8 25. Qa4 Qd8 26. Rc1 Qg5 27. Qd1 Ng6 28. h4 Qf6 29. h5 Nf4 30. Bh4 g5 31. hxg6 Qxg6 32. Ne7+ Nxe7 33. Bxg6 Nexg6 34. Bg3 Ne2+ 35. Kh2 Nxc1 36. Qxc1 Ba6 37. Qxh6 Re2 38. Qg5 Bd3 39. f4 Kf8 40. f5 Ne7 41. Bd6 Ke8 42. Bxe7 Rxe7 43. g4 Re2+ 44. Kg3 Be4 45. Kf4 Bg2 46. f6 Kd7 47. Qg8 1-0

[Event "Helsinki We HSK III Talviturnaus"]
[Site "Helsinki"]
[Date "2016.01.30"]
[Round "3"]
[White "Hurme, Harri M"]
[Black "Heinola, Vesa Pekka"]
[Result "0-1"]
[WhiteElo "2201"]
[BlackElo "2195"]
[PlyCount "58"]
[EventDate "2016.01.29"]
[EventType "swiss"]
[EventRounds "5"]
[EventCountry "FIN"]
[SourceTitle "EXT 2022"]
[Source "ChessBase"]
[SourceDate "2021.10.06"]
[SourceVersion "1"]
[SourceVersionDate "2021.10.06"]
[SourceQuality "1"]

1. d4 Nf6 2. c4 g6 3. Nc3 d5 4. Nf3 Bg7 5. Qb3 dxc4 6. Qxc4 0-0 7. e4 Nc6 8. Bf4 Nh5 9. Be3 Bg4 10. Rd1 Bxf3 11. gxf3 e5 12. dxe5 Qh4 13. Be2 Nxe5 14. Qb3 b6 15. Kd2 Nf4 16. Nd5 Nxe2 17. Kxe2 c6 18. Nf4 Qf6 19. Bc1 Rfe8 20. h4 h6 21. h5 g5 22. Ng2 b5 23. f4 gxf4 24. Nxf4 Nc4 25. Kf3 Qe5 26. Qc2 Qf6 27. b3 Ne5+ 28. Kg2 Rad8 29. Nd3 Qf3+ 0-1

[Event "FIN-chT1B 1516"]
[Site "Finland"]
[Date "2016.01.09"]
[Round "5.3"]
[White "Ihonen, Jari"]
[Black "Hurme, Harri M"]
[Result "0-1"]
[WhiteElo "2038"]
[BlackElo "2192"]
[PlyCount "38"]
[EventDate "2015.09.12"]
[EventType "team-tourn"]
[EventRounds "8"]
[EventCountry "FIN"]
[SourceTitle "EXT 2017"]
[Source "ChessBase"]
[SourceDate "2016.10.25"]
[SourceVersion "1"]
[SourceVersionDate "2016.10.25"]
[SourceQuality "1"]
[WhiteTeam "Mikkeli SK"]
[BlackTeam "Helsinki SSK"]
[WhiteTeamCountry "FIN"]
[BlackTeamCountry "FIN"]

1. e4 e5 2. Nf3 Nc6 3. c3 d5 4. Qa4 f6 5. Bb5 Nge7 6. exd5 Qxd5 7. 0-0 Be6 8. Re1 a6 9. Na3 Qd8 10. Bxc6+ Nxc6 11. d4 b5 12. Qc2 Qd5 13. b3 exd4 14. cxd4 0-0-0 15. Bb2 Bf5 16. Qe2 Bb4 17. Red1 Rhe8 18. Qf1 Bg4 19. Rd3 Bxf3 0-1

[Event "Helsinki mestaruus M 2016"]
[Site "Helsinki"]
[Date "2016.01.04"]
[Round "7"]
[White "Torkkola, Henri"]
[Black "Hurme, Harri M"]
[Result "0-1"]
[WhiteElo "2186"]
[BlackElo "2201"]
[PlyCount "234"]
[EventDate "2015.12.28"]
[EventType "tourn"]
[EventRounds "9"]
[EventCountry "FIN"]
[SourceTitle "EXT 2022"]
[Source "ChessBase"]
[SourceDate "2021.10.06"]
[SourceVersion "1"]
[SourceVersionDate "2021.10.06"]
[SourceQuality "1"]

1. Nf3 c5 2. c4 Nc6 3. d4 cxd4 4. Nxd4 g6 5. e4 Nf6 6. Nc3 Nxd4 7. Qxd4 d6 8. f3 Bg7 9. Be3 0-0 10. Qd2 a5 11. Be2 Bd7 12. 0-0 Bc6 13. Rfd1 Nd7 14. Rac1 Nc5 15. b3 Be5 16. Kh1 b6 17. Bd3 Ra7 18. Bb1 Rd7 19. Qc2 e6 20. Ne2 f5 21. exf5 gxf5 22. Bd4 Rff7 23. Qc3 Qf6 24. Re1 Rg7 25. Bxe5 Qxe5 26. Qxe5 dxe5 27. Ng3 e4 28. fxe4 Rd2 29. Rc2 Rgd7 30. Rxd2 Rxd2 31. Kg1 Kf7 32. Kf1 f4 33. Nh1 e5 34. Nf2 h5 35. Re2 Rd4 36. Ke1 Rd6 37. Rd2 Rg6 38. Nd3 Nd7 39. Kf2 Ke6 40. Kf3 Nf6 41. Nf2 Nh7 42. a3 Ng5+ 43. Ke2 Ke7 44. b4 Ne6 45. Kf1 Rg8 46. Nd1 axb4 47. axb4 Ra8 48. Nc3 Ra3 49. Rd3 Ra1 50. Rd1 Ng5 51. Ke2 Ne6 52. Kd3 Ra3 53. Kd2 Rb3 54. b5 Bb7 55. Rc1 Ra3 56. Rc2 Nc5 57. Rb2 Ra8 58. Ke2 h4 59. h3 Rg8 60. Kf2 Rg3 61. Nd5+ Bxd5 62. cxd5 Kd6 63. Bc2 Rc3 64. Ra2 Re3 65. Ra8 Nxe4+ 66. Bxe4 Rxe4 67. Rd8+ Kc5 68. Rh8 Kxd5 69. Rxh4 Rb4 70. Rh6 Rxb5 71. h4 Ke4 72. Rf6 Rb1 73. h5 b5 74. h6 Rh1 75. Rb6 Kf5 76. Rxb5 Rxh6 77. Ra5 Rd6 78. Ke2 Rb6 79. Kf2 Rb2+ 80. Kf3 Rc2 81. Rb5 Ra2 82. Rc5 Ke6 83. Rb5 Ra3+ 84. Kf2 e4 85. Ke2 Rd3 86. Ra5 Rd5 87. Ra8 Rg5 88. Kf2 Kf5 89. Re8 Rg7 90. Rf8+ Kg4 91. Re8 e3+ 92. Kf1 Rg5 93. Rf8 Kg3 94. Rf7 Rg4 95. Re7 Rg5 96. Rf7 Kg4 97. Rf8 Ra5 98. Rg8+ Kf5 99. Rb8 Ra1+ 100. Ke2 Ra2+ 101. Kf1 Rf2+ 102. Kg1 Rd2 103. Kf1 Rf2+ 104. Kg1 f3 105. gxf3 Kf4 106. Rf8+ Kg3 107. Rg8+ Kxf3 108. Ra8 Rg2+ 109. Kh1 Rg4 110. Rf8+ Ke2 111. Kh2 Ke1 112. Ra8 e2 113. Re8 Kf2 114. Kh3 Rg1 115. Rf8+ Ke3 116. Re8+ Kd3 117. Rd8+ Kc4 0-1

[Event "Helsinki mestaruus M 2016"]
[Site "Helsinki"]
[Date "2016.01.03"]
[Round "6"]
[White "Hurme, Harri M"]
[Black "Ponnio, Toni"]
[Result "0-1"]
[WhiteElo "2201"]
[BlackElo "2053"]
[PlyCount "94"]
[EventDate "2015.12.28"]
[EventType "tourn"]
[EventRounds "9"]
[EventCountry "FIN"]
[SourceTitle "EXT 2022"]
[Source "ChessBase"]
[SourceDate "2021.10.06"]
[SourceVersion "1"]
[SourceVersionDate "2021.10.06"]
[SourceQuality "1"]

1. d4 Nf6 2. c4 e6 3. Nc3 Bb4 4. Qc2 0-0 5. a3 Bxc3+ 6. Qxc3 d5 7. cxd5 Ne4 8. Qc2 exd5 9. Bf4 Nc6 10. e3 Re8 11. 0-0-0 Bf5 12. Bd3 Ne7 13. g4 Bg6 14. h4 Nd6 15. h5 Bxd3 16. Rxd3 Rc8 17. Kb1 c5 18. dxc5 Nc4 19. h6 Rxc5 20. Qc3 f6 21. hxg7 Qb6 22. Ne2 Nxb2 23. Qxb2 Rb5 24. Rd2 Rxb2+ 25. Rxb2 Qa6 26. Nd4 Rc8 27. Rd1 Rc3 28. Nc2 Nc6 29. g5 Qe2 30. Rc1 fxg5 31. Bxg5 Na5 32. Bf6 Rb3 33. f4 Qd3 34. Re1 Rxa3 35. Rb4 Rb3+ 36. Rxb3 Qxb3+ 37. Kc1 Qa2 38. Kd2 Nc4+ 39. Kd3 Qa6 40. Bd4 Ne5+ 41. Kd2 Nf3+ 42. Kc1 Nxe1 43. Nxe1 Qe2 44. Nc2 h5 45. Be5 h4 46. Nd4 Qxe3+ 47. Kb2 Qd2+ 0-1

[Event "Helsinki mestaruus M 2016"]
[Site "Helsinki"]
[Date "2016.01.02"]
[Round "5"]
[White "Hurme, Harri M"]
[Black "Elomaa, Arto"]
[Result "1/2-1/2"]
[WhiteElo "2201"]
[BlackElo "2119"]
[PlyCount "108"]
[EventDate "2015.12.28"]
[EventType "tourn"]
[EventRounds "9"]
[EventCountry "FIN"]
[SourceTitle "EXT 2022"]
[Source "ChessBase"]
[SourceDate "2021.10.06"]
[SourceVersion "1"]
[SourceVersionDate "2021.10.06"]
[SourceQuality "1"]

1. d4 d5 2. c4 c6 3. Nf3 e6 4. Qc2 Nf6 5. Bg5 Be7 6. e3 Nbd7 7. Nc3 0-0 8. h3 h6 9. Bf4 a6 10. c5 b6 11. cxb6 Qxb6 12. Be2 a5 13. 0-0 Ba6 14. Rfe1 Bxe2 15. Rxe2 Rfc8 16. e4 dxe4 17. Nxe4 Nxe4 18. Qxe4 Nf6 19. Qe5 a4 20. Rd1 Ra5 21. Qe3 Nd5 22. Qe4 Nxf4 23. Qxf4 Bf6 24. Ne5 Rd5 25. Qc1 Rxd4 26. Nd7 Qd8 27. Nxf6+ Qxf6 28. Rxd4 Qxd4 29. Rd2 Qe5 30. Qc2 c5 31. Re2 Qd4 32. Re4 Qd5 33. Rxa4 Rd8 34. b3 Qd1+ 35. Qxd1 Rxd1+ 36. Kh2 Rd2 37. Kg3 g5 38. Kf3 Kg7 39. Ke3 Rc2 40. Rc4 Rxa2 41. Rxc5 Rb2 42. Rb5 f5 43. Rb8 h5 44. b4 Kf6 45. b5 f4+ 46. Kf3 Ke5 47. b6 g4+ 48. hxg4 hxg4+ 49. Kxg4 Rxf2 50. Kh3 Rb2 51. b7 Ke4 52. Re8 Rxb7 53. Rxe6+ Kf5 54. Rh6 Rb3+ 1/2-1/2

[Event "Helsinki mestaruus M 2016"]
[Site "Helsinki"]
[Date "2015.12.29"]
[Round "2"]
[White "Hallman, Valo"]
[Black "Hurme, Harri M"]
[Result "1-0"]
[WhiteElo "2100"]
[BlackElo "2201"]
[PlyCount "151"]
[EventDate "2015.12.28"]
[EventType "tourn"]
[EventRounds "9"]
[EventCountry "FIN"]
[SourceTitle "EXT 2022"]
[Source "ChessBase"]
[SourceDate "2021.10.06"]
[SourceVersion "1"]
[SourceVersionDate "2021.10.06"]
[SourceQuality "1"]

1. c4 g6 2. Nc3 Nf6 3. e4 c5 4. e5 Nh5 5. Nf3 Nc6 6. d4 cxd4 7. Nxd4 Nxe5 8. Be2 d6 9. 0-0 Nf6 10. Bf4 Bg7 11. c5 dxc5 12. Bxe5 cxd4 13. Nb5 0-0 14. Qxd4 Qxd4 15. Bxd4 Nd5 16. Rfd1 e6 17. Bxg7 Kxg7 18. Bf3 Nf6 19. Rac1 e5 20. Nd6 Rb8 21. Rc7 a6 22. Rdc1 Be6 23. Rxb7 e4 24. Be2 Bxa2 25. Bxa6 Bd5 26. Rb5 Rfd8 27. Nb7 Rdc8 28. Rxc8 Rxc8 29. Nc5 Rc7 30. b4 Bc6 31. Rb8 Nd7 32. Nxd7 Bxd7 33. h4 Rc1+ 34. Kh2 Rc2 35. Kg3 Rc3+ 36. Kf4 Rc2 37. Ke3 Kf6 38. Rb7 Be6 39. Rb6 Ke5 40. Rb5+ Kd6 41. Rb6+ Kc7 42. Rb7+ Kc6 43. b5+ Kd6 44. b6 Rb2 45. Rb8 Bd5 46. b7 Ke7 47. Rc8 Bxb7 48. Rc7+ Ke6 49. Rxb7 Rc2 50. Bb5 f5 51. Rxh7 f4+ 52. Kxe4 Rxf2 53. Bd7+ Kf6 54. Bh3 Ra2 55. Kxf4 Ra4+ 56. Kg3 Ra3+ 57. Kh2 Ra4 58. Bc8 Rb4 59. Bb7 g5 60. hxg5+ Kxg5 61. Bf3 Kg6 62. Rb7 Rd4 63. g4 Ra4 64. Kg3 Kf6 65. Rb8 Kg6 66. Kh4 Rf4 67. Rb6+ Kg7 68. Be2 Rd4 69. Kh5 Rd2 70. Bc4 Rd4 71. Rb7+ Kh8 72. Bb5 Rd8 73. g5 Kg8 74. g6 Kh8 75. Kh6 Rc8 76. Rb8 1-0

[Event "FIN-chT1B 1516"]
[Site "Finland"]
[Date "2015.10.10"]
[Round "3.1"]
[White "Fraser, Scott"]
[Black "Hurme, Harri M"]
[Result "1/2-1/2"]
[WhiteElo "2138"]
[BlackElo "2192"]
[PlyCount "84"]
[EventDate "2015.09.12"]
[EventType "team-tourn"]
[EventRounds "8"]
[EventCountry "FIN"]
[SourceTitle "EXT 2017"]
[Source "ChessBase"]
[SourceDate "2016.10.25"]
[SourceVersion "1"]
[SourceVersionDate "2016.10.25"]
[SourceQuality "1"]
[WhiteTeam "Espoo MatSK II"]
[BlackTeam "Helsinki SSK"]
[WhiteTeamCountry "FIN"]
[BlackTeamCountry "FIN"]

1. d4 Nf6 2. c4 e6 3. Nc3 d5 4. cxd5 exd5 5. Bg5 c6 6. Qc2 Be7 7. e3 Nbd7 8. Bd3 Nf8 9. Nf3 Ne6 10. Bh4 g6 11. 0-0 Ng7 12. Rab1 Bf5 13. b4 a6 14. a4 Bxd3 15. Qxd3 Nf5 16. Bxf6 Bxf6 17. Rfc1 0-0 18. b5 axb5 19. axb5 Re8 20. bxc6 bxc6 21. Qc2 Nd6 22. Nd2 Qa5 23. Ne2 Qa6 24. Nf4 Rec8 25. Nd3 Kg7 26. h3 Nf5 27. Nb4 Qa3 28. Rb3 Qa4 29. Nd3 h5 30. Rb6 Qxc2 31. Rxc2 Ra1+ 32. Kh2 Be7 33. Rb1 Bd6+ 34. Kg1 Rxb1+ 35. Nxb1 Kf8 36. Kf1 Ke8 37. Nd2 Kd7 38. Nf3 f6 39. g4 hxg4 40. hxg4 Ne7 41. g5 fxg5 42. Nxg5 Ra8 1/2-1/2